000 00309 a2200145 4500
001 61441
020 _a
040 _cAnchieta - Pituba
240 1 0 _aA biosfera
_lpor
245 1 0 _aA biosfera
300 _a155
362 0 _a1974
650 4 _aBIOLOGIA, CIÊNICAS DA VIDA (CIÊNCIAS NATURAIS)
942 _cBK
999 _c61441
_d61441